PAULO freire's interllectual roots Toward historicity

Saved in:
Bibliografiske detaljer
Format: Bog
Sprog:engelsk
Udgivet: Bloomsbury Academic. 2013.
Tags: Tilføj Tag
Ingen Tags, Vær først til at tagge denne postø!

MARC

LEADER 00000nam a22000007a 4500
008 210916b ||||| |||| 00| 0 eng d
020 |a 9781441195234 
245 |a PAULO freire's interllectual roots  |b Toward historicity  |c Robert Lake and Tricia Kress  |g vi,186p. ill. 
260 |b Bloomsbury Academic.  |c 2013.  |d Book  |h New york  |i 696922  |i 696923  |l LC 196 .P28  |m Freire,paulo, 1921- 1997-Criticism and interpretation  |m Critical pedagogy  |m Education phylosophy. 
500 |a "It includes index". 
942 |a lcc  |c BK  |e Olagoke,M.A.  |f 16/09/2021 
952 |0 0  |1 0  |2 lcc  |4 0  |7 0  |9 3585  |a HOL  |b ED  |c LP  |d 2021-09-16  |o LC 196.P28  |p 2021-67326  |r 2021-09-16 00:00:00  |t 696923  |w 2021-09-16  |y BK 
952 |0 0  |1 0  |2 lcc  |4 0  |7 0  |9 3586  |a HOL  |b HOL  |c LP  |d 2021-09-16  |o LC 196.P28  |p 2021-67327  |r 2021-09-16 00:00:00  |t 696922  |w 2021-09-16  |y BK 
999 |c 1776  |d 1776